000 01104cad a22002535a 4500
001 L154661
008 120110e20121210xxkd f s 000 0 eng d
022 1 _a1465-1076
035 _a(Sirsi) u154661
041 0 _aeng
050 0 4 _a333.33 $2 18
110 2 _aRoyal Institution of Chartered Surveyors
_94900
245 0 0 _aRICS housing market survey United Kingdom
_bDecember 2011
_h[electronic resource]
260 _aLondon
_bRICS
_c2011
490 _aRICS Housing Market Survey United Kingdom
_vDecember 2011
520 _aSales activity remained relatively firm during December 2011 and an increasing amount of new stock came onto the housing market. Ongoing instability in the eurozone seem to be weighing heavily on the UK housing market
521 _aAdvanced
590 _aKA
650 2 4 _aRICS HOUSING MARKET SURVEY UNITED KINGDOM
651 4 _aUnited Kingdom
_y
690 _aPROPERTY-RESIDENTIAL PROPERTY-RESIDENTIAL PROPERTY MARKET
856 4 0 _uhttps://www.rics.org/site/download_feed.aspx?fileID=11095&fileExtension=PDF
_zView this item free of charge at www.rics.org
942 _n0
999 _c113089
_d113089